000 00897nam0a22002771 4500
001 rc\3038135
005 20251121135053.0
035 _a(NLR Aleph) 007178578
090 _a21207
_c21207
100 _a20111004d1942 u y0rusy50 ca
101 0 _arus
102 _aRU
105 _ay z |||||
200 1 _aОтцы и дети
_e[Роман]
210 _aМосква
_aЛенинград
_cДетгиз
_d1942
215 _a183 с.
_d19 см
225 1 _aШкольная библиотека
_eДля неполной сред. и сред. школы
700 1 _aТургенев
_bИ. С.
_f1818-1883
_gИван Сергеевич
_3RU\NLR\AUTH\77102
801 0 _aRU
_bNLR
_gpsbo
801 1 _aRU
_bELAR
_2rusmarc
852 _aNLR
_j59-3/2176
942 _cBOOK
945 _aРоссийская национальная библиотека
980 _aNB
980 _aBV